| 000 | 00425nam a2200157Ia 4500 | ||
|---|---|---|---|
| 008 | 230718s9999 xx 000 0 und d | ||
| 041 | _aeng | ||
| 082 |
_a005.2768 _bRUE |
||
| 100 | _aRuest D. | ||
| 245 |
_aMicrosoft Windows Server 2008 _bThe Complete Reference |
||
| 260 | _bTata McGraw-Hill | ||
| 300 | _a826 | ||
| 365 |
_cRs. _b595.00 |
||
| 700 |
_aRuest D. & Ruest N. _9189981 |
||
| 906 |
_dB:458523-May-2008 _cCOMP _b119 |
||
| 999 |
_c318876 _d318876 |
||